Better than I was - Tate McRae Lyrics - Statistics

General Stats
  • This quiz has been taken 17 times
  • The average score is 232 of 312
Answer Stats
Answer % Correct
I
100%
be
90%
better
90%
do
90%
don't
90%
mad
90%
me
90%
no
90%
than
90%
the
90%
to
90%
was
90%
a
80%
but
80%
energy
80%
for
80%
fucked
80%
girl
80%
got
80%
I'm
80%
it
80%
it's
80%
know
80%
memories
80%
not
80%
one
80%
put
80%
stay
80%
that
80%
up
80%
when
80%
who
80%
you
80%
you'll
80%
and
70%
another
70%
bad
70%
can't
70%
day
70%
does
70%
find
70%
get
70%
headspace
70%
hurts
70%
in
70%
just
70%
my
70%
rearview
70%
shit
70%
so
70%
want
70%
way
70%
well
70%
what
70%
why
70%
baby
60%
back
60%
broke
60%
drunk
60%
enemies
60%
friends
60%
gon'
60%
gonna
60%
knowin'
60%
lost
60%
love
60%
making
60%
maybe
60%
quiet
60%
she'll
60%
solo
60%
stop
60%
thinking
60%
with
60%
you're
60%
forgiveness
50%
hand
50%
I'd
50%
losing
50%
low
50%
mind
50%
out
50%
pull
50%
still
50%
through
50%
tomorrow
50%
who'll
50%
cheat
40%
half
40%
jump
40%
lie
40%
make
40%
might
40%
rather
40%
right
40%
sense
40%
spit
40%
thing
40%
window
40%
wrong
40%
knowing
20%
mm
20%
No matching quizzes found
Score Distribution
Percent of People with Each Score
Percentile by Number Answered
Your Score History
You have not taken this quiz